000
00264nam a2200097Ia 4500
008
230915s9999 xx 000 0 und d
050
_a
Z675.I58.1990
100
_a
H,THOMAS WALKER
245
0
_a
INTO THE CURRICULUM: LESSON PLANS FOR LIBRARY MEDIA SKILLS
942
_c
BK
999
_c
63360
_d
63360